La pintura de cosas naturales /

Kaydedildi:
Detaylı Bibliyografya
Yazar: Gual, Enrique F. (autor)
Materyal Türü: Kitap
Dil:İspanyolca
Baskı/Yayın Bilgisi: México : Secretaría de Educación Pública, 1973, c1973
Etiketler: Etiketle
Etiket eklenmemiş, İlk siz ekleyin!

MARC

LEADER 00000nam^a2200000^a^4500
001 000621954
005 20260220000000.0
009 20260310133909.467
037 |a Acervo ITESO - Biblioteca 
041 |a ESP 
091 |a FOB. 02165 
100 |a Gual, Enrique F.  |e (autor) 
245 1 3 |a La pintura de cosas naturales / 
264 4 |a México :  |b Secretaría de Educación Pública,  |c 1973, c1973 
300 |a 159 p. 
336 |a texto  |b txt  |2 rdacontenido 
337 |a sin mediación  |b n  |2 rdamedio 
338 |a volumen  |b nc  |2 rdasoporte 
649 |a XX 
910 |a Fondo Carlos de Obeso Orendain 
920 |a Impresos - Libros 
930 |a Fondos Especiales 
905 |a 147 
901 |a 621954-10  |b IT2  |c ESP  |i D  |u 20251001 
902 |a https://opac.biblio.iteso.mx/vufind/Record/000621954